| 000 | 00559nam a22001937a 4500 | ||
|---|---|---|---|
| 003 | koha_MIRAKIL | ||
| 005 | 20231213100409.0 | ||
| 008 | 231213b |||||||| |||| 00| 0 ||| d | ||
| 020 | _b978-6-05-941723-5 | ||
| 040 |
_aTR-IsEVY _btur _cTR-IsEVY |
||
| 082 | _a828.3354 WES/G | ||
| 100 | _aWest, Jacqueline. | ||
| 245 | 0 | _aGölgeler | |
| 260 |
_bTeen Yayıncılık, _c2017 |
||
| 300 | _a208 s. | ||
| 650 | _aAmerican literature -- Fiction -- Fantastic -- Adventure. | ||
| 650 | _aAmerikan edebiyatı -- Roman -- Fantastik -- Macera. | ||
| 942 |
_2ddc _cBK |
||
| 999 |
_c19281 _d19281 |
||